| 000 | 00407nam a2200133Ia 4500 | ||
|---|---|---|---|
| 008 | 231017s9999 xx 000 0 und d | ||
| 082 | _a621.4023 | ||
| 082 | _bCOM | ||
| 245 | 0 | _aFederal Railroad Administration Final Report Comparative Evaluation of Rail and Truck Fuel Efficiency on Competitive Corridors | |
| 245 | 0 | _cICF International | |
| 260 | _bICF International | ||
| 300 | _c30cm | ||
| 942 | _cREP | ||
| 999 |
_c603987 _d603987 |
||